| 000 | 00977cam a22002894a 4500 | ||
|---|---|---|---|
| 001 | 14656245 | ||
| 005 | 20161225154918.0 | ||
| 008 | 061205r20132007ii a frd 1 001d0 eng | ||
| 020 | _a9788131208632 | ||
| 040 |
_aEG-ScBUE _beng _cEG-ScBUE _dEG-ScBUE |
||
| 082 | 0 | 4 |
_a617.692 _222 _bROS |
| 100 | 1 |
_932531 _aRosenstiel, Stephen F. |
|
| 245 | 1 | 0 |
_aContemporary fixed prosthodontics / _cStephen F. Rosenstiel, Martin F. Land, Junhei Fujimoto. |
| 250 | _a4th ed., Reprint ed. | ||
| 260 |
_aNew Delhi : _bMosby / Elsevier, _c2013. |
||
| 300 |
_axiii, 1130 p. : _bill. (some col.) ; _c29 cm. |
||
| 500 | _aReprinted of the 2006 ed. | ||
| 500 | _aGlossary : p. 997-1083 | ||
| 500 | _aIndex : p. 1085-1130. | ||
| 650 | 7 |
_aBridges (Dentistry) _932532 _2BUEsh |
|
| 650 | 7 |
_aCrowns (Dentistry) _932533 _2BUEsh |
|
| 651 | _2BUEsh | ||
| 653 |
_bDDent _cFebruary2013 _cDecember2016 |
||
| 700 | 1 |
_aLand, Martin F. _932534 |
|
| 700 | 1 |
_aFujimoto, Junhei. _932535 |
|
| 942 |
_2ddc _cDN |
||
| 999 |
_c23748 _d23720 |
||